000 00244nam a22000857a 4500
008 231206b |||||||| |||| 00| 0 eng d
020 _a9789355559234
100 _aMTG LEARNING MEDIA LTD
_97730
245 _aCHEMISTRY JEE MAIN & ADVANCED LASS XI-XII
999 _c12485
_d12485